Países que mudaram de nome - Statistics

Estatísticas Gerais
  • Esse quiz foi jogado 97 vezes
  • A pontuação média é 9 de 14
Estatísticas das Respostas
Continente Nome antigo Resposta % Correto
América do Sul Províncias Unidas do Rio da Prata Argentina
97%
América do Sul Estados Unidos do ______ Brasil
94%
Ásia Dinastia Qing China
93%
África União Sul-Africana África do Sul
88%
África Suazilândia Essuatíni
78%
Europa Estados Papais Vaticano
78%
África Zaire R. D. Congo
74%
Ásia Índias Orientais Neerlandesas Indonésia
67%
África Abissínia Etiópia
50%
África Rodésia Zimbábue
50%
Ásia República Khmer Camboja
47%
Europa República da Batava Países Baixos
38%
África Alto Volta Burkina Faso
24%
Europa República da _________ Macedônia do Norte
19%
Nenhum quiz correspondente encontrado
Distribuição das Pontuações
Porcentagem de Pessoas com Cada Pontuação
Percentil de Números Respondidos
Sua Pontuação Histórica
Você não jogou esse quiz